000
00346 a2200157 4500
001
61345
020
_a
9783060200511
040
_c
Anchieta - Pituba
100
_a
Zbranková, Milena
240
1
0
_a
Prima
_l
por
245
1
0
_a
Prima
300
_a
80
362
0
_a
2007
650
4
_a
Línguas germânicas (teutônicas) língua alemã
942
_c
BK
999
_c
61345
_d
61345